000 01821cam a22005054i 4500
003 PE-LiUPU
005 20250731165650.0
008 150616s r 000 0 d
020 _a0195099893
035 _a(Sirsi) i9780195099898
040 _aPE-LiUPU
_bspa
_cPE-LiUPU
_erda
049 _aPRUA
082 0 4 _a932.01d
_bB92
_221
100 1 _aBunson, Margaret,
_eautor.
245 1 2 _aA Dictionary of Ancient Egypt /
_cMargaret Bunson.
264 1 _aNew York :
_bOxford University Press,
_c1995.
300 _a291 páginas :
_bilustraciones ;
_c25 centímetros
336 _atext
_2rdacontent
337 _aunmediated
_2rdamedia
338 _avolume
_2rdacarrier
490 0 _aOxford paperback reference
505 0 _aHow to use this book.- The encyclopedia of ancient Egypt.- Suggested reading list.- Index.
526 _aSEG44
526 _aSEG26
526 _aP151
526 _aP150
526 _aP149
526 _aP146
526 _aP145
526 _aP126
526 _aP125
526 _aP92
526 _aP75
526 _aP74
526 _aP27
526 _aP15
651 _aEgipto
_xHistoria
_yc. 332 a.C.
_vDiccionarios.
910 _ajck
_bjvq
_cjck
942 _2ddc
_cBOOK
949 _aRC 932.01D B92
_wDEWEY
_c1
_i43312
_d2016-9-15
_e2016-9-15
_lCCODEBUL1
_mBUL
_n1
_r0
_sY
_tBOOK
_u2015-6-16
_xTEOLOGIA
_zUNKNOWN
_0COMPRA
_o.CIRCNOTE. No olvidar cambiar la fecha de devolución!!!!!!!
_o.STAFF. Colección General
994 _aC0
_bPEPRU
596 _a1
999 _aRC 932.01D B92
_wDEWEY
_c61281
_i43312
_d61281
_e2016-9-15
_f2021-11-8
_g5
_lCCODEBUL1
_mBUL
_n1
_r1
_sY
_tBOOK
_u2015-6-16
_xTEOLOGIA
_zUNKNOWN
_0COMPRA
_o.CIRCNOTE. No olvidar cambiar la fecha de devolución!!!!!!!
_o.STAFF. Colección General
980 _81
_gALBERTO SANCHEZ Responsable de Automatización